000
003070000a22001450004500
003
MACL
040
_a
MACL
090
_c
32723
_d
32721
100
_a
Seth, K L
245
_a
Objective Economics
260
_b
Bright Careers institus
350
_a
450
650
_a
Economics & Land
942
_c
BOOK
_k
330/Set
999
_c
32388
_d
32388